Cuide usted sus dientes / (Record no. 107123)

MARC details
000 -LEADER
campo de control de longitud fija 00654nam a2200217 4500
001 - NÚMERO DE CONTROL
campo de control 107123
003 - IDENTIFICADOR DE NÚMERO DE CONTROL
campo de control ES-MaACL
005 - FECHA Y HORA DE LA ÚLTIMA TRANSACCIÓN
campo de control 20230906184343.0
007 - CAMPO FIJO DE DESCRIPCIÓN FÍSICA--INFORMACIÓN GENERAL
campo de control de longitud fija t|
008 - DATOS DE LONGITUD FIJA--INFORMACIÓN GENERAL
campo de control de longitud fija 061121s1959 sp r ||||1| spa d
100 1# - ENTRADA PRINCIPAL--NOMBRE DE PERSONA
Nombre de persona Morales Cepero, J.
9 (RLIN) 83025
245 10 - MENCIÓN DEL TÍTULO
Título Cuide usted sus dientes /
Mención de responsabilidad, etc. J. Morales Cepero; prólogo Pedro Trobo Hermosa.
250 ## - MENCION DE EDICION
Mención de edición 1.ª ed.
260 ## - PUBLICACIÓN, DISTRIBUCIÓN, ETC.
Lugar de publicación, distribución, etc. Barcelona :
Nombre del editor, distribuidor, etc. Aymá,
Fecha de publicación, distribución, etc. 1959.
300 ## - DESCRIPCIÓN FÍSICA
Extensión 177 p. ;
Dimensiones 18 cm.
490 1# - MENCIÓN DE SERIE
Mención de serie Vivir es saber, saber es vivir
700 1# - ENTRADA AGREGADA--NOMBRE PERSONAL
Nombre de persona Trobo Hermosa, Pedro.
9 (RLIN) 111473
830 0# - PUNTO DE ACCESO ADICIONAL DE SERIE-TÍTULO UNIFORME
Título uniforme Vivir es saber, saber es vivir
9 (RLIN) 182014
852 ## - LOCALIZACIÓN
Ubicación ES-MaACL
Número de control de estantería C-16345
Sublocalización o colección R.44188
Holdings
Estatus retirado Estado de pérdida Estado de daño No para préstamo Biblioteca de origen Biblioteca actual Ubicación en estantería Fecha de adquisición Fuente de adquisición Total de préstamos Signatura topográfica completa Código de barras Visto por última vez Precio de reemplazo Tipo de ítem Koha
        Biblioteca del Ateneo de Madrid Biblioteca del Ateneo de Madrid Galería 17/01/2008     C-16345 1111808 23/02/2023 23/02/2023 Libro impreso